04016nam a2200361 a 4500001001000000003000900010005001700019007000300036008004100039020001500080040003000095082002400125245014300149246003900292264005200331300002800383336002700411337003300438338002800471500002200499500010800521505132800629505049601957505086602453505007503319600003003394650004903424650002703473700004803500700003803548700004003586710002803626000001765DO-SdBNP20260321073637.0ta090626s2002 dr 000 0dspa d a9993486604 aDO-SdBNPbspacBNPHUerda 4aRD868.44bB742j22200aJuan Bosch :baproximaciones a una vida ejemplar /ccompilación, Diómedes Núñez Polanco ; Josefina Pimentel, Gisela Vargas Ortega.10aAproximaciones a una vida ejemplar 1aSanto Domingo :bFundación Juan Bosch,c2002. a337 páginas ;c23 cm. 2rdacontentatextobtxt 2rdamediaasin mediaciónbn 2rdacarrieravolumenbnc aIncluye índice. a"Ciclo de conferencias y actividades en ocasión del 92do aniversario de su nacimiento" -- En portada.0 aI. Juan Bosch, literatura y cultura. -- Juan Bosch, el narrador / Pedro Pompeyo Rosario -- La sensibilidad cultural de Juan Bosch / Bruno Rosario Candelier / Trascendencia cultural de la figura de Juan Bosch / Natacha Sánchez -- Juan Bosch: crisis de la ficción y nuevo orden social / Rafael García Romero -- Juan Bosch, maestro de la literatura / Minou Tavárez Mirabal -- Juan Bosch: su contribución al quehacer cultural / Avelino Stanley -- Puesta en circulación de Cuentos más que completos de Juan Bosch, en Santo Domingo / Carmen Quidiello de Bosch -- Juan Bosch: maestro de la cuentística hispanoamericana / José Rafael Lantigua -- Puesta en circulación de Cuentos más que completos de Juan Bosch, en Santiago de los Caballeros / Monseñor Agripino Núñez Collado, Rafael Emilio Yunén -- El esplendor poético en los cuentos de Juan Bosch / Manuel Mora Serrano -- Puesta en circulación de Cuentos más completos de Juan Bosch, en San Pedro de Macorís / José E. Hazim Frappier, Natacha Sánchez -- Juan Bosch: precursor del cuento como género independiente en República Dominicana / Rafael Julián -- Puesta en circulación de Cuentos más que completos de Juan Bosch, en Azua de Compostela. Diálogos con los personajes de los cuentos de Juan Bosch / Manuel Matos Moquete.0 aII. Juan Bosch y los valores éticos. -- La dimensión social y humanística en Juan Bosch / Daniel Beltré López -- La dimensión ética en el pensamiento político de Juan Bosch / Alejandrina Germán -- Valores educativos, culturales y democráticos en Juan Bosch / Luis de León -- El mundo de los valores en Juan Bosch / Lidio Cadet -- Juan Bosch y los valores. Apuntes sobre la concepción ético-humanística en la vida y la obra de Juan Bosch / Justo Pedro Castellanos.0 aIII. Juan Bosch y la democracia. -- El PLD y el pensamiento de Juan Bosch en Cuento de Navidad / Franklin Almeyda Rancier -- Las bases del desarrollo económico en el Gobierno de Juan Bosch / Félix Jiménez -- La idea del Estado y la Democracia en el Profesor Juan Bosch / Jaime David Fernández Mirabal -- Juan Bosch: ilusión de una Cuarta República / Ramón Andrés Blanco Fernández -- Trascendencia sociocultural y política de la obra de Juan Bosch / Ana Silvia Reynoso de Abud, Diómedes Núñez Polanco, Julián Serulle -- Juan Bosch, pedagogo de la democracia / Melanio A. Paredes -- Juan Bosch a sus noventa y dos años / Leonel Fernández Reyna -- Aportes de Juan Bosch al estado democrático y la vida cultural / César Pina Toribio -- Las libertades públicas en la obra política y social de Juan Bosch / Rafael Alburquerque.0 aEpílogo. -- En memoria de Juan Bosch / Diómedes Núñez Polanco.10a Bosch, Juan, d1909-2001 4aDemocraciazRepública DominicanaxHistoria 4aLiteratura dominicana.1 aNúñez Polanco, Diómedes ecompilador 1 a Pimentel, Josefinaecomplilador1 a Vargas Ortega, Giselaecompilador 2 a Fundación Juan Bosch